000 00973 a2200217 4500
003 Nust
005 20220819120820.0
010 _a 99010825
020 _a0890066019 (alk. paper)
040 _cNust
082 0 0 _a621.38456,CAT
100 1 _aCatedra, Manuel F.
_998254
245 1 0 _aCell planning for wireless communications /
_cManuel F. Catedra, Jesus Perez-Arriaga.
260 _aBoston, Mass. :
_bArtech House,
_c1999.
300 _axvi, 199 p. :
_bill. ;
_c24 cm.
440 0 _aArtech House mobile communications library
_994459
505 _aIntroduction (Page-1), Review of GTD/UTD and Physical Optic Technique (Page-7), Ray Tracing Techniques (Page-57), Empirical and Semi Empirical Pathloss Model (Page-109), Estimation of Radio Channel Parameters from Results of GTD/URD Models (Page-133), Micro cellular Design and Channel Allocation (Page-151).
650 0 _aTelecommunication engineering
700 2 _aPerez-Arriaga, Jesus.
_998255
942 _cREF
_2ddc
999 _c175966
_d175966